00774nam a22002292a 450000100060000000300080000600500170001400800410003102000150007203500190008704000320010604100110013808200250014910000550017424500660022926000290029530000200032450000330034494200120037799900170038995201380040621896BD-RjUL20211209000737.0140305s1968 enk 000 1 eng d a0213763028 a(BD-RjUL)21961 aDLCcDLCdUKMdBD-RjULbeng1 aengfre a843.91218bKEH 19681 aKessel, Joseph,d1898-1979.qJoseph Kessel.96760214aThe horsemen /ctranslated from the French by Patrick O'Brian aLondon :bBarker,c1968. a458 p. :c23 cm aTranslation of Les Cavaliers 2ddccBK c21896d21896 00102ddc40728NFICaRUCLbRUCLcReadingd1968-03-27eAsia foundationl0o843.91 KEH 1968r2014-03-05 00:00:00tC-1w2014-03-05yBK